1990 1556 1764 1807 1356 1914 1262 1611 1066 1574 1013 1459 1389 1675 1250 1278 1326 1986 1677 1267 1478 1158 2000 1311 1942 1482 1258 1899 1446 1438 1487 1938 1551 1903 1715 1261 1351 1932 1190 1416 1128 1086 1839 1033 1558 1982 1189 1859 1842 1969 1932 1749 1650 1633 1924 1972 1947 1438 1042 1069 1944 1646 1971 1873 1265 1368 1071 1480 1797 1562 1162 1772 1591 1895 1681 1233 1015 1758 1383 1798 1471 1846 1282 1264 1439 1800 1358 1711 1782 1581 1569 1087 1693 1570 1475 1725 1533 1488 1895 BCNSPRNW ULIB Ver.6.0+V

เปลี่ยนเป็นภาษาไทย

Change to English
 แสดงรายละเอียดบรรณานุกรม
  กลับหน้าหลัก

Brief Record : Get Marc (ISO 2709) : E-mail record : QR code < ปิดหน้าต่าง
LEADER : 00000nam 2200000uu 4500
001    13399114014
003     ULIB
008    020711s2550 th a 000 0 tha d
020    ^a9749173899(ล.6)
050  4 ^aPE1116.M4^bป328บ ล.6
100    ^aบ็อบ ก็อดสัน
245    ^aบทสนทนาภาษาอังกฤษสำหรับบุคลากรทางการแพทย์. book 6= English for the medical profession manging a health life/^cบ็อบ ก็อดสัน
250    ^aพิมพ์ครั้งที่ 2
260    ^aกรุงเทพฯ :^bโรงพยาบาลบีเอ็นเอช (บางกอกเนอสซิ่งโฮม),^c2550
300    ^a131 หน้า
945    ^p150^l0^i023272
995    ทศพร
999 ^a ทศพร
รายการนี้ยังไม่มีแท็ก
คุณยังไม่ได้ล็อกอิน คุณสามารถมีกิจกรรมร่วมกับเว็บไซต์ได้ แต่ต้องล็อกอินก่อน ::
  ล็อกอิน

รายการสื่อสารสนเทศ

ลำดับที่ ประเภท เลขเรียก/บาร์โค้ด สถานที่ สถานะ
- ไม่พบข้อมูล -

BibComment


ยังไม่เคยถูกคอมเมนท์

คอมเมนท์ทรัพยากรรายการนี้
  คอมเมนท์: บทสนทนาภาษาอังกฤ..


 Copyright 2026. Bcnsprnw @Library